عرض عادي
عرض مارك
- حديث الأحكام
مدخل مصطلح موضوعي
001 - رقم الضبط
- حقل الضبط: 104619
003 - معرف رقم الضبط
- حقل الضبط: OSt
005 - تاريخ ووقت أخر عملية
- حقل الضبط: 20220927162301.0
008 - عناصر بيانات ثابتة الطول
- حقل تحكم ثابت الطول: 220927|| aca||aabn | a|a d
040 ## - مصدر الفهرسة
- هيئة الفهرسة الأصلية: OSt
- وكالة الكتابة: OSt
150 ## - مدخل-- مصطلح تاريخي
- عنصر مدخل المصطلح الموضوعي او الاسم الجغرافي: حديث الأحكام
670 ## - بيانات المصدر موجوده
- الاستشهاد بالمصدر: Work cat.: (OSt)83247: السفاريني، محمد بن أحمد بن سالم، 1114-1188 هـ. 3059, نتائج الأفكار في شرح حديث سيد الاستغفار /
